Materials Science and Technology. A Comprehensive Treatment. Volume 5 : Phase Transformations in Materials

Salvato in:
Dettagli Bibliografici
Natura: Libro
Lingua:inglese
Pubblicazione: Weinheim : VCH, 1991
Soggetti:
Tags: Aggiungi Tag
Nessun Tag, puoi essere il primo ad aggiungerne!!

MARC

LEADER 00000nam a22000003a 4500
001 stu44734
005 20150408180421.2
008 950607s1991----gw------------------eng-d
020 |a 3-257-26818-9 
040 |a STU  |b slo 
041 0 |a eng 
044 |a gw 
080 |a 669.017 
245 |a Materials Science and Technology. A Comprehensive Treatment. Volume 5 :  |b Phase Transformations in Materials 
260 |a Weinheim :  |b VCH,  |c 1991 
300 |a 648 s 
650 7 |a materiály  |2 stusub 
650 7 |a fázy transformácií  |2 stusub 
650 7 |a fázy  |2 stusub 
650 7 |a transformácia  |2 stusub 
996 |b M 28728  |c M*9061/5-1  |l MMKN  |s A  |a 24  |w stu44734_0001